| 000 | 00515nam a22001697a 4500 | ||
|---|---|---|---|
| 005 | 20251108173112.0 | ||
| 008 | 250721s2003 xx 000 0 ara d | ||
| 082 | 1 | 4 | _a750/فقي |
| 100 | 1 | _aالفقي، أسامة | |
| 245 | 1 | 0 | _aجولة في فن و تاريخ التصوير الزيتي / |
| 264 | 1 |
_aالقاهرة : _bمكتبة الانجلوالمصرية، _c2003. |
|
| 300 | _a140ص | ||
| 650 | 1 | 7 | _aاللوحات الزيتية |
| 650 | 1 | 7 | _aالرسومات |
| 942 |
_2ddc _cBK |
||
| 999 |
_c96083 _d96083 |
||